000 00354 a2200157 4500
001 59612
020 _a9783785558751
040 _cAnchieta - Pituba
100 _aSchwindt, Peter
240 1 0 _aFlüsternde schatten
_lpor
245 1 0 _aFlüsternde schatten
300 _a396
362 0 _a2007
650 4 _aLiteratura juvenil em alemão
942 _cBK
999 _c59612
_d59612